| 000 | 00780 a2200193 4500 | ||
|---|---|---|---|
| 003 | Nust | ||
| 005 | 20230222121737.0 | ||
| 010 | _a 73876488 | ||
| 020 |
_a0408700939 _a040870098X (pbk) |
||
| 040 | _cNust | ||
| 082 | 0 | 0 | _a621.3822,GOO |
| 100 | 1 |
_aGoodyear, Colin Crosland. _9109467 |
|
| 245 | 1 | 0 |
_aSignals and Information / _cC. C. Goodyear. |
| 260 |
_aLondon, _bButterworths, _c1971. |
||
| 300 |
_a[10], 310 p. _billus. _c22 cm. |
||
| 505 | _aIntroduction (Page-1), Describing Signals (Page-9), Signal Processing (Page-63), Modulation Theory (Page-109), Probability and Statistics (Page-159), Noise (Page-183),Signals with Noise (Page-205), Information and Coding (Page-250), Communication Channels (Page-269). | ||
| 650 | 0 | _aTelecommunication Engineering | |
| 942 |
_2ddc _cBK |
||
| 999 |
_c182663 _d182663 |
||